000 00573nam a2200169 a 4500
001 000035417
005 20200930074328.0
008 090819s19-- mx 001 0 spa d
040 _aDO-SdBNP
_bspa
_cBNPHU
082 _axxxx
_bG216h
100 1 _aShcheglov, A. V.
_961249
245 1 0 _aHistoria general de la filosofía de Socrates a Sheler /
_cA. V. Shcheglov.
260 _aMéxico :
_bEdiciones Paoloo,
_c[19--?].
300 _a362 p. ;
_c21 cm.
500 _aTraducción directa del ruso
590 _aPerteneció a la biblioteca personal de Juan Isidro Jimenes Grullón
999 _c34908
_d34908